000 00756nam a2200229 a 4500
001 BRCA_2009
005 20190320203632.0
008 170608s2010----enka######---#000-0#eng-#
020 _a0955099269
041 _aeng
044 _aenk
050 4 _aNK7183
_b.D53 2010
100 1 _aDíaz, Rocío
_96152
245 1 0 _aChinese Armorial Porcelain for Spain
_cRocío Díaz.
260 _aLondres
_bJorge Welsh Books
_c2010
300 _a416 p.
_bil. a color
_c31 cm.
500 _aIncluye entradas por orden alfabético
500 _aIncluye piezas de la colección Franz Mayer: p. 136, 188, 211, 247-248, 305, 314, 318-319, 323, 325, 333, 335, 337, 341 y 351
504 _aBibliografía: p. 405-416
650 1 4 _aPorcelana
_zChina
_91753
942 _2lcc
_cB
999 _c1776
_d1776